| 000 | 00369nam a2200133Ia 4500 | ||
|---|---|---|---|
| 005 | 20251222144811.0 | ||
| 008 | 251222s9999||||xx |||||||||||||| ||spa|| | ||
| 020 | _a87-600-2693-0 | ||
| 082 | _a344.010.6/S17/Ej.2 | ||
| 100 | _aSala Franco, Tomás | ||
| 245 | 0 | _aProblemas Aplicativos del Estatuto de los Trabajadores | |
| 264 | _bUniversidad de Alicante | ||
| 942 | _cLIB | ||
| 999 |
_c20121 _d20121 |
||